Καπετάν Μπουκουβάλας : το αντάρτικο ιππικό της Θεσσαλίας
Αποθηκεύτηκε σε:
| Κύριος συγγραφέας: | |
|---|---|
| Μορφή: | Βιβλίο |
| Γλώσσα: | Greek |
| Δημοσίευση: |
Αθήνα :
Κανελλόπουλος,
1991
|
| Έκδοση: | 2η εκδ. |
| Θέματα: | |
| Ετικέτες: |
Προσθήκη ετικέτας
Δεν υπάρχουν, Καταχωρήστε ετικέτα πρώτοι!
|
MARC
| LEADER | 00000cam a2200000 i 4500 | ||
|---|---|---|---|
| 001 | 1/59887 | ||
| 008 | 020401s1991 gre d | ||
| 035 | |l 10000577 | ||
| 040 | |a GR-MY-UA |b gre |e aacr | ||
| 041 | 0 | |a gre | |
| 082 | 0 | |a 938.76409 | |
| 100 | 1 | |a Σεβαστάκης, Αλέξης Δ., |d 1925-1999. | |
| 245 | 1 | 0 | |a Καπετάν Μπουκουβάλας : |b το αντάρτικο ιππικό της Θεσσαλίας / |c Αλέξη Σεβαστάκη |
| 250 | |a 2η εκδ. | ||
| 260 | |a Αθήνα : |b Κανελλόπουλος, |c 1991 | ||
| 300 | |a 319 σ.; |b φωτ.; |c 24 εκ. | ||
| 600 | 1 | 0 | |a Μπουκουβάλας, Μίμης. |
| 650 | 0 | |a World War, 1939-1945 |x Underground movements |z Greece |z Thessaly. | |
| 650 | 0 | |a Guerrillas |z Greece |z Thessaly |x Biography. | |
| 852 | |a INST |b SAMOS |e 20020401 |h 938.76409 ΣΕΒ |p 005300020166 |q 005300020166 |t BK |y 0 | ||
| 901 | |a BIBL3-2002-1 | ||
| 909 | |a Σ |b 087403 | ||
| 922 | |a 3ΕΛΗ |b 200111 |c ΒΙΒΛΙΟΘΗΚΗ |d ΚΑΡΑΣΤΑΘΗΣ | ||
| 970 | |a ΜΑΛΑΓΑΡΗ |b ΦΩΤΕΙΝΗ |z 2002/04/01 | ||